LA GUERRA DEL 47 Y LA OPINION PUBLICA: 1845-1848/

محفوظ في:
التفاصيل البيبلوغرافية
المؤلف الرئيسي: Velasco Márquez, Jesús (autor)
التنسيق: كتاب
سلاسل:SEPSETENTAS; 196
الموضوعات:
الوسوم: إضافة وسم
لا توجد وسوم, كن أول من يضع وسما على هذه التسجيلة!

MARC

LEADER 00000nam^a2200000^a^4500
001 000224678
005 20250521000000.0
009 20260310104058.885
035 |a 043798 
037 |a Acervo Xavier Clavigero 
082 |a 972. 05 VEL 
100 |a Velasco Márquez, Jesús  |e (autor) 
245 1 3 |a LA GUERRA DEL 47 Y LA OPINION PUBLICA:  |b 1845-1848/  |c JESUS VELASCO MARQUEZ 
264 |a MEXICO :  |b SEP,  |c 1975 
300 |a 165p. 3ej. 
336 |a texto  |b txt  |2 rdacontenido 
337 |a sin mediación  |b n  |2 rdamedio 
338 |a volumen  |b nc  |2 rdasoporte 
440 |a SEPSETENTAS;  |v 196 
649 |a XX 
650 |a México -  |x Historia -  |y Invasión Norteamericana, 1846-1848 
650 |a México -  |x Historia -  |y Batalla de Chapultepec, 1847 
910 |a Fondo General 
920 |a Impresos - Libros 
930 |a Colección General 
905 |a 101 
901 |a 043798  |b IT1  |c ACC  |i 043798  |u 20250521 
901 |a 024057  |b IT1  |c ACC  |i 024057  |u 20250521 
901 |a 024641  |b IT1  |c ACC  |i 024641  |u 20250521 
902 |a https://opac.biblio.iteso.mx/vufind/Record/000224678